[Event "CZE-chT2E 2223"]
[Site "Czech Republic"]
[Date "2023.01.22"]
[Round "7.6"]
[White "Gerych, Jan"]
[Black "Dvoracek, Jan Matyas"]
[Result "1/2-1/2"]
[WhiteElo "2027"]
[BlackElo "1911"]
[PlyCount "42"]
[EventDate "2022.10.16"]
[EventType "team-tourn"]
[EventRounds "11"]
[EventCountry "CZE"]
[SourceTitle "EXT 2024"]
[Source "ChessBase"]
[SourceDate "2023.10.10"]
[SourceVersion "1"]
[SourceVersionDate "2023.10.10"]
[SourceQuality "1"]
[WhiteTeam "Litovel Tatran"]
[BlackTeam "Brno Lokomotiva"]
[WhiteTeamCountry "CZE"]
[BlackTeamCountry "CZE"]

1. e4 d6 2. d4 Nf6 3. Nc3 g6 4. f3 a6 5. Be3 b5 6. a3 Bb7 7. Qd2 Nbd7 8. Nge2 Nb6 9. Ng3 Nfd7 10. Be2 h5 11. h4 Bg7 12. Nd1 c5 13. c3 Rc8 14. Nf2 Qc7 15. Rc1 cxd4 16. Bxd4 Bh6 17. Be3 Bxe3 18. Qxe3 Nc4 19. Bxc4 Qxc4 20. Ne2 Ne5 21. Qd4 0-0 1/2-1/2

[Event "CZE-chT2F 2122"]
[Site "Czech Republic"]
[Date "2022.04.03"]
[Round "11.7"]
[White "Gerych, Jan"]
[Black "Siwek, Antonin"]
[Result "1-0"]
[WhiteElo "2013"]
[BlackElo "1866"]
[PlyCount "85"]
[EventDate "2021.10.17"]
[EventType "team-tourn"]
[EventRounds "11"]
[EventCountry "CZE"]
[SourceTitle "EXT 2024"]
[Source "ChessBase"]
[SourceDate "2023.10.10"]
[SourceVersion "1"]
[SourceVersionDate "2023.10.10"]
[SourceQuality "1"]
[WhiteTeam "Litovel Tatran"]
[BlackTeam "Havirov Slovan"]
[WhiteTeamCountry "CZE"]
[BlackTeamCountry "CZE"]

1. e4 c5 2. Nf3 e6 3. c3 d5 4. exd5 Qxd5 5. d4 Nc6 6. Be2 Nf6 7. 0-0 Be7 8. Na3 Qd8 9. dxc5 Bxc5 10. Qxd8+ Nxd8 11. Nb5 0-0 12. Nc7 Rb8 13. Bf4 Nc6 14. b4 Bb6 15. b5 e5 16. bxc6 exf4 17. cxb7 Bxb7 18. Nb5 Ne4 19. Rac1 Rfd8 20. c4 a6 21. Nc3 Nd2 22. Nxd2 Rxd2 23. Rfd1 Rxd1+ 24. Rxd1 Ba5 25. Nd5 Rd8 26. Nxf4 Rxd1+ 27. Bxd1 Kf8 28. Bf3 Bc8 29. Kf1 Ke7 30. Bd5 Bb6 31. f3 f6 32. Ke2 Bf5 33. Bb7 Kd6 34. Bxa6 Kc5 35. Nh5 Kd4 36. Nxg7 Bd3+ 37. Kf2 Kc5 38. g4 Bxc4 39. Bxc4 Kxc4+ 40. Kg3 Bc7+ 41. f4 Kb4 42. Ne8 Bd8 43. Kf3 1-0

[Event "CZE-chT2F 2122"]
[Site "Czech Republic"]
[Date "2022.02.13"]
[Round "8.6"]
[White "Gerych, Jan"]
[Black "Keprt, Pavel"]
[Result "1/2-1/2"]
[WhiteElo "2013"]
[BlackElo "1909"]
[PlyCount "67"]
[EventDate "2021.10.17"]
[EventType "team-tourn"]
[EventRounds "11"]
[EventCountry "CZE"]
[SourceTitle "EXT 2024"]
[Source "ChessBase"]
[SourceDate "2023.10.10"]
[SourceVersion "1"]
[SourceVersionDate "2023.10.10"]
[SourceQuality "1"]
[WhiteTeam "Litovel Tatran"]
[BlackTeam "Dobra Sokol"]
[WhiteTeamCountry "CZE"]
[BlackTeamCountry "CZE"]

1. e4 e6 2. d4 d5 3. e5 c5 4. c3 Nc6 5. Nf3 Nge7 6. Bd3 Bd7 7. a3 cxd4 8. cxd4 Qb6 9. Bc2 Ng6 10. h4 Be7 11. h5 Nf8 12. Nc3 h6 13. Na4 Qc7 14. b4 Rc8 15. Bd3 Nh7 16. Bxh7 Rxh7 17. Be3 b6 18. Rc1 Qb7 19. Qd3 Rh8 20. 0-0 Nxb4 21. axb4 Bxa4 22. Rxc8+ Qxc8 23. Rc1 Qd7 24. Qa6 Bb5 25. Qc8+ Bd8 26. Qa8 Ke7 27. Ra1 a6 28. Rc1 Re8 29. Qb8 Bc4 30. Nd2 Bc7 31. Qa7 Qc6 32. Qxa6 Bxa6 33. Rxc6 Kd7 34. Rc1 1/2-1/2

[Event "CZE-chT2F 2122"]
[Site "Czech Republic"]
[Date "2021.11.07"]
[Round "2.7"]
[White "Fialka, Adam"]
[Black "Gerych, Jan"]
[Result "0-1"]
[WhiteElo "1804"]
[BlackElo "2013"]
[PlyCount "88"]
[EventDate "2021.10.17"]
[EventType "team-tourn"]
[EventRounds "11"]
[EventCountry "CZE"]
[SourceTitle "EXT 2024"]
[Source "ChessBase"]
[SourceDate "2023.10.10"]
[SourceVersion "1"]
[SourceVersionDate "2023.10.10"]
[SourceQuality "1"]
[WhiteTeam "Orlova Slavia II"]
[BlackTeam "Litovel Tatran"]
[WhiteTeamCountry "CZE"]
[BlackTeamCountry "CZE"]

1. e4 c5 2. c3 d5 3. exd5 Qxd5 4. Nf3 Nf6 5. Na3 Bg4 6. Bc4 Qe4+ 7. Qe2 Bxf3 8. gxf3 Qxe2+ 9. Kxe2 a6 10. d4 cxd4 11. cxd4 e6 12. Nc2 Nbd7 13. Bg5 Be7 14. Rhd1 Nb6 15. Bb3 Nfd5 16. Be3 0-0 17. Ne1 Rac8 18. Rac1 Bd6 19. Nd3 Rfd8 20. f4 g6 21. Kf3 Kf8 22. Bd2 Rxc1 23. Rxc1 Rc8 24. Rxc8+ Nxc8 25. Nc5 Bxc5 26. dxc5 Nce7 27. a3 Ke8 28. Ba4+ Nc6 29. Kg4 Ke7 30. b4 Nd4 31. Be3 h5+ 32. Kh3 Ne2 33. c6 b5 34. Bd1 Nexf4+ 35. Kh4 Ng2+ 36. Kg5 Ndxe3 37. fxe3 Nxe3 38. Bf3 Nd5 39. Kh6 Nc7 40. h4 e5 41. Kg7 Ne6+ 42. Kg8 f5 43. Kh7 e4 44. Bg2 Nf4 0-1

[Event "CZE-chT2F 1920"]
[Site "Czech Republic"]
[Date "2020.06.28"]
[Round "11.6"]
[White "Samu, Pavel"]
[Black "Gerych, Jan"]
[Result "0-1"]
[WhiteElo "1946"]
[BlackElo "2004"]
[PlyCount "74"]
[EventDate "2019.10.13"]
[EventType "team-tourn"]
[EventRounds "11"]
[EventCountry "CZE"]
[SourceTitle "EXT 2024"]
[Source "ChessBase"]
[SourceDate "2023.10.10"]
[SourceVersion "1"]
[SourceVersionDate "2023.10.10"]
[SourceQuality "1"]
[WhiteTeam "Ostrava TJ Nova Hut II"]
[BlackTeam "Litovel Tatran"]
[WhiteTeamCountry "CZE"]
[BlackTeamCountry "CZE"]

1. e4 c5 2. Nc3 e6 3. Nge2 Nc6 4. d4 cxd4 5. Nxd4 a6 6. Be3 Nf6 7. f3 h5 8. Nxc6 bxc6 9. e5 Nd5 10. Nxd5 cxd5 11. Bd3 Qh4+ 12. Kf1 d6 13. Bd4 Bd7 14. c3 dxe5 15. Bxe5 Bc5 16. Qe2 0-0 17. g3 Qh3+ 18. Qg2 Qxg2+ 19. Kxg2 Bb5 20. Rad1 f6 21. Bf4 g5 22. Bc1 Kf7 23. h4 Bxd3 24. Rxd3 Kg6 25. Re1 Rae8 26. hxg5 fxg5 27. Re5 Rf5 28. Rdxd5 exd5 29. Rxe8 g4 30. Bf4 d4 31. fxg4 hxg4 32. b4 Bb6 33. c4 d3 34. Re6+ Rf6 35. Rxf6+ Kxf6 36. c5 Bc7 37. Kf2 Bxf4 0-1

[Event "CZE-chT1E 1819"]
[Site "Czech Republic"]
[Date "2019.01.20"]
[Round "6.7"]
[White "Kostka, Vit"]
[Black "Gerych, Jan"]
[Result "1/2-1/2"]
[WhiteElo "2146"]
[BlackElo "1982"]
[PlyCount "105"]
[EventDate "2018.10.21"]
[EventType "team-tourn"]
[EventRounds "11"]
[EventCountry "CZE"]
[SourceTitle "CBM 188 Extra"]
[Source "ChessBase"]
[SourceDate "2019.02.26"]
[SourceVersion "1"]
[SourceVersionDate "2019.02.26"]
[SourceQuality "1"]
[WhiteTeam "Orlova Slavia"]
[BlackTeam "Litovel Tatran"]
[WhiteTeamCountry "CZE"]
[BlackTeamCountry "CZE"]

1. e4 c5 2. Nf3 e6 3. c4 Nc6 4. Nc3 Nge7 5. d4 cxd4 6. Nxd4 Nxd4 7. Qxd4 Nc6 8. Qd1 Bc5 9. Be2 0-0 10. 0-0 d6 11. Rb1 e5 12. Be3 Be6 13. Nd5 Nd4 14. b4 Bxd5 15. cxd5 Nxe2+ 16. Qxe2 Bxe3 17. Qxe3 Qb6 18. Rfc1 Qxe3 19. fxe3 Rfc8 20. Kf2 Kf8 21. Ke2 Ke7 22. a3 Kd7 23. h3 f6 24. Kd2 Rxc1 25. Rxc1 Rc8 26. Rxc8 Kxc8 27. g4 b5 28. Ke2 Kd7 29. h4 Ke7 30. Kf3 Kf7 31. h5 g6 32. Kg3 Kg7 33. Kh3 Kh6 34. Kh4 a6 35. hxg6 hxg6 36. Kh3 Kg5 37. Kg3 f5 38. gxf5 gxf5 39. exf5 Kxf5 40. Kf3 e4+ 41. Kg3 Ke5 42. Kg4 Kxd5 43. Kf5 Kc4 44. Kxe4 Kb3 45. Kd5 Kxa3 46. Kxd6 Kxb4 47. e4 a5 48. e5 a4 49. e6 a3 50. e7 a2 51. e8Q a1Q 52. Qe4+ Kb3 53. Qd5+ 1/2-1/2

[Event "CZE-chT 1718"]
[Site "Czech Republic"]
[Date "2018.04.08"]
[Round "11.1"]
[White "Gerych, Jan"]
[Black "Biolek, Richard"]
[Result "0-1"]
[WhiteElo "1996"]
[BlackElo "2414"]
[PlyCount "100"]
[EventDate "2017.11.18"]
[EventType "team-tourn"]
[EventRounds "11"]
[EventCountry "CZE"]
[SourceTitle "EXT 2019"]
[Source "ChessBase"]
[SourceDate "2018.10.10"]
[SourceVersion "1"]
[SourceVersionDate "2018.10.10"]
[SourceQuality "1"]
[WhiteTeam "Tatran Litovel"]
[BlackTeam "Ostrava Labortech"]
[WhiteTeamCountry "CZE"]
[BlackTeamCountry "CZE"]

1. Nf3 c5 2. e4 Nc6 3. Bb5 e6 4. Bxc6 bxc6 5. b3 Ne7 6. 0-0 Ng6 7. d3 Be7 8. Bb2 0-0 9. Nbd2 f6 10. Re1 e5 11. Nf1 Rf7 12. Ng3 Bf8 13. Bc1 d6 14. Bd2 Be6 15. c4 Qd7 16. Rf1 Ne7 17. Qe2 g6 18. h3 Bg7 19. Kh2 h6 20. Ne1 f5 21. f3 f4 22. Nh1 g5 23. Nf2 Ng6 24. Nc2 h5 25. Rg1 Raf8 26. Raf1 Kh7 27. Ne1 Bf6 28. Bc1 Bd8 29. Bd2 Rg7 30. Rh1 Rh8 31. Kg1 Kg8 32. Qd1 Rh6 33. Qe2 Nh4 34. Qd1 Kf8 35. Qe2 Ke8 36. Qd1 Qf7 37. Qe2 Qg8 38. Bc3 Qh8 39. Bd2 g4 40. fxg4 hxg4 41. hxg4 Rgh7 42. Rh3 Qg8 43. Kh2 Rg6 44. Nf3 Bxg4 45. Nxg4 Rxg4 46. Nxh4 Bxh4 47. Be1 Bxe1 48. Rxe1 Rg3 49. Rf1 Rhxh3+ 50. gxh3 Rxh3+ 0-1

[Event "CZE-chT2F 1617"]
[Site "Czech Republic"]
[Date "2017.04.02"]
[Round "11.5"]
[White "Gerych, Jan"]
[Black "Babula, Milan"]
[Result "1/2-1/2"]
[WhiteElo "1990"]
[BlackElo "2200"]
[PlyCount "82"]
[EventDate "2016.10.09"]
[EventType "team-tourn"]
[EventRounds "11"]
[EventCountry "CZE"]
[SourceTitle "EXT 2022"]
[Source "ChessBase"]
[SourceDate "2021.10.06"]
[SourceVersion "1"]
[SourceVersionDate "2021.10.06"]
[SourceQuality "1"]
[WhiteTeam "Litovel Tatran II"]
[BlackTeam "Trinec II"]
[WhiteTeamCountry "CZE"]
[BlackTeamCountry "CZE"]

1. e4 Nc6 2. Nf3 e6 3. d4 d5 4. e5 f6 5. c3 fxe5 6. dxe5 Nh6 7. Bxh6 gxh6 8. Bd3 Qe7 9. 0-0 Bd7 10. Nbd2 Bg7 11. Re1 Qf7 12. b4 b6 13. Nb3 Ne7 14. a4 Ng6 15. b5 0-0 16. Nbd4 Kh8 17. g3 Rg8 18. Bf1 Bf8 19. Bg2 Be7 20. Qe2 Qg7 21. Qf1 Raf8 22. a5 bxa5 23. Rxa5 Bc5 24. Kh1 Bb6 25. Ra2 Qe7 26. c4 dxc4 27. Qxc4 Rf7 28. Bh3 Rgf8 29. Bg4 Qc5 30. Qxc5 Bxc5 31. h4 Rb8 32. Kg2 Rg7 33. Kh3 Nf8 34. Rc2 Bb6 35. Rd1 Re8 36. Nc6 Ng6 37. h5 Nf8 38. Nfd4 Ra8 39. f4 Rf7 40. Bf3 Bxc6 41. Nxc6 Nd7 1/2-1/2

[Event "CZE-chT2D 1516"]
[Site "Czech Republic"]
[Date "2016.01.10"]
[Round "5.5"]
[White "Gerych, Jan"]
[Black "Stratil, Petr"]
[Result "1-0"]
[WhiteElo "1991"]
[BlackElo "2066"]
[PlyCount "65"]
[EventDate "2015.10.18"]
[EventType "team-tourn"]
[EventRounds "11"]
[EventCountry "CZE"]
[SourceTitle "EXT 2022"]
[Source "ChessBase"]
[SourceDate "2021.10.06"]
[SourceVersion "1"]
[SourceVersionDate "2021.10.06"]
[SourceQuality "1"]
[WhiteTeam "Litovel Tatran II"]
[BlackTeam "Zabreh"]
[WhiteTeamCountry "CZE"]
[BlackTeamCountry "CZE"]

1. e4 g6 2. d4 Bg7 3. Nc3 c5 4. dxc5 Qa5 5. Bd2 Qxc5 6. Nd5 b6 7. Bb4 Qc6 8. Bb5 Qb7 9. Qf3 a6 10. Ba4 e6 11. Bc3 f6 12. Ne3 b5 13. Bb3 Nc6 14. a3 Nh6 15. h4 0-0 16. h5 g5 17. Ne2 a5 18. 0-0 b4 19. axb4 axb4 20. Bd4 Nxd4 21. Nxd4 Rxa1 22. Rxa1 f5 23. Ndxf5 Nxf5 24. exf5 Qxf3 25. gxf3 Bxb2 26. Ra5 h6 27. Nc4 Bc3 28. Nd6 Kg7 29. Ra8 Be5 30. Nxc8 Rxf5 31. Kg2 Bd4 32. Nd6 Rf4 33. Rd8 1-0

[Event "CZE-chT2D 1516"]
[Site "Czech Republic"]
[Date "2015.10.18"]
[Round "1.7"]
[White "Novotny, Ales"]
[Black "Gerych, Jan"]
[Result "1/2-1/2"]
[WhiteElo "1929"]
[BlackElo "1991"]
[PlyCount "99"]
[EventDate "2015.10.18"]
[EventType "team-tourn"]
[EventRounds "11"]
[EventCountry "CZE"]
[SourceTitle "EXT 2022"]
[Source "ChessBase"]
[SourceDate "2021.10.06"]
[SourceVersion "1"]
[SourceVersionDate "2021.10.06"]
[SourceQuality "1"]
[WhiteTeam "Pardubice Rapid II"]
[BlackTeam "Litovel Tatran II"]
[WhiteTeamCountry "CZE"]
[BlackTeamCountry "CZE"]

1. c4 e5 2. g3 Nf6 3. Bg2 Nc6 4. Nc3 Bb4 5. Nd5 Bc5 6. e3 0-0 7. Ne2 Re8 8. d3 d6 9. h3 h6 10. 0-0 Bf5 11. e4 Bd7 12. Kh2 Nxd5 13. cxd5 Nd4 14. Be3 Nxe2 15. Qxe2 Bb6 16. f4 f6 17. Bd2 c6 18. dxc6 Bxc6 19. Bc3 Qd7 20. Qd2 Rad8 21. Rae1 Qf7 22. d4 d5 23. exd5 Bxd5 24. dxe5 fxe5 25. Rxe5 Rxe5 26. Bxe5 Bxa2 27. Qe2 Bc4 28. Qf3 Rd2 29. Rd1 Be2 30. Rxd2 Bxf3 31. Bxf3 Kh8 32. Be4 Bc7 33. Rc2 Bd8 34. Rc8 Qd7 35. Bxb7 Qxb7 36. Rxd8+ Kh7 37. Rd2 Qb5 38. Bc3 a5 39. h4 h5 40. Kg2 a4 41. Be5 Kg6 42. Rc2 Kf5 43. Kh2 g6 44. Rd2 Qb3 45. Kh3 Qf3 46. Rg2 Qf1 47. Bc3 Ke4 48. Kh2 Kf3 49. Rd2 Kg4 50. Rg2 1/2-1/2

[Event "CZE-chT2F 1415"]
[Site "Czech Republic"]
[Date "2015.02.22"]
[Round "8.48"]
[White "Stverak, Milan"]
[Black "Gerych, Jan"]
[Result "1/2-1/2"]
[WhiteElo "2065"]
[BlackElo "2024"]
[PlyCount "84"]
[EventDate "2014.11.02"]
[EventType "team-tourn"]
[EventRounds "11"]
[EventCountry "CZE"]
[SourceTitle "EXT 2022"]
[Source "ChessBase"]
[SourceDate "2021.10.06"]
[SourceVersion "1"]
[SourceVersionDate "2021.10.06"]
[SourceQuality "1"]
[WhiteTeam "Vsetin"]
[BlackTeam "Litovel Tatran II"]
[WhiteTeamCountry "CZE"]
[BlackTeamCountry "CZE"]

1. e4 d5 2. exd5 Qxd5 3. Nc3 Qd6 4. Nf3 Nf6 5. h3 a6 6. Bc4 b5 7. Bb3 c5 8. d3 Bb7 9. 0-0 e6 10. Re1 Nbd7 11. a4 b4 12. Nb1 Be7 13. Bg5 0-0 14. Nbd2 h6 15. Bh4 Qc7 16. Nc4 Bd5 17. Bg3 Qc6 18. Na5 Qb6 19. Bxd5 Nxd5 20. Nc4 Qc6 21. Nfe5 Nxe5 22. Nxe5 Qb7 23. Qf3 Bd6 24. Ng4 Qc7 25. Bxd6 Qxd6 26. Ne3 Nxe3 27. Qxe3 Rad8 28. Qe5 Qc6 29. b3 Rd5 30. Qe4 Rfd8 31. Qf3 Qc7 32. Re4 Rf5 33. Qe3 Rfd5 34. Re1 Rd4 35. Qf3 Rxe4 36. Qxe4 Rd5 37. Re3 Qd6 38. Qf3 g6 39. Qe4 Kg7 40. Qf3 h5 41. Re4 Rd4 42. Re3 Rd5 1/2-1/2

[Event "CZE-chT2F 1415"]
[Site "Czech Republic"]
[Date "2014.11.30"]
[Round "3.16"]
[White "Kaminsky, Rudolf"]
[Black "Gerych, Jan"]
[Result "1/2-1/2"]
[WhiteElo "2101"]
[BlackElo "2024"]
[PlyCount "182"]
[EventDate "2014.11.02"]
[EventType "team-tourn"]
[EventRounds "11"]
[EventCountry "CZE"]
[SourceTitle "EXT 2022"]
[Source "ChessBase"]
[SourceDate "2021.10.06"]
[SourceVersion "1"]
[SourceVersionDate "2021.10.06"]
[SourceQuality "1"]
[WhiteTeam "Havirov Slovan"]
[BlackTeam "Litovel Tatran II"]
[WhiteTeamCountry "CZE"]
[BlackTeamCountry "CZE"]

1. d4 Nf6 2. Nf3 e6 3. Bg5 c5 4. e3 cxd4 5. exd4 b6 6. Bd3 Be7 7. Nbd2 0-0 8. Qe2 Bb7 9. c3 d6 10. Nf1 Nbd7 11. Ng3 Re8 12. Ba6 Qc8 13. Bxb7 Qxb7 14. 0-0 Bf8 15. Rfe1 b5 16. a4 a6 17. Ra2 Reb8 18. axb5 axb5 19. Rea1 Rxa2 20. Rxa2 h6 21. Bd2 d5 22. Bf4 Rc8 23. h3 Rc4 24. Qd1 b4 25. Qb3 Qb6 26. Nd2 Rc8 27. cxb4 Qxd4 28. Be3 Qxb4 29. Qxb4 Bxb4 30. Ra4 Rb8 31. Nf3 Bd6 32. Bd4 Bxg3 33. fxg3 Rb7 34. b4 Ne4 35. g4 Nb6 36. Ra5 Nc4 37. Ra8+ Kh7 38. Ra7 Ned6 39. Rxb7 Nxb7 40. Kf2 Nbd6 41. Ke2 f6 42. Bc5 Nb5 43. Kd3 e5 44. Kc2 Kg8 45. Kb3 Kf7 46. Ka4 Ncd6 47. Bxd6 Nxd6 48. b5 Ke6 49. Kb4 Nb7 50. Nh4 e4 51. Nf5 Ke5 52. b6 g6 53. Ne7 e3 54. Kc3 Ke4 55. Nc6 f5 56. gxf5 gxf5 57. Nd4 f4 58. Nf3 Nd8 59. Nd4 Ke5 60. Kd3 Kd6 61. g3 fxg3 62. Nf5+ Ke5 63. Nxg3 d4 64. Ne2 Nc6 65. b7 Kd6 66. Nxd4 Ne5+ 67. Kxe3 Kc7 68. Ke4 Nf7 69. Kf5 Kxb7 70. h4 Kc7 71. Kg6 Ne5+ 72. Kxh6 Kd7 73. Kg7 Ke7 74. h5 Ng4 75. Ne2 Ke8 76. Nf4 Ke7 77. Nd3 Ke8 78. Nb2 Ne3 79. Nc4 Ng4 80. Nd6+ Ke7 81. Nf5+ Ke8 82. Nh4 Ke7 83. Ng6+ Ke8 84. Nf4 Ke7 85. Nd5+ Ke8 86. Nc7+ Ke7 87. Nb5 Ke8 88. Kg6 Kf8 89. Kg5 Ne5 90. Nd6 Kg7 91. Nf5+ Kh7 1/2-1/2

[Event "CZE-chT2F 1415"]
[Site "Czech Republic"]
[Date "2014.11.02"]
[Round "1.27"]
[White "Gerych, Jan"]
[Black "Keprt, Pavel"]
[Result "1/2-1/2"]
[WhiteElo "2024"]
[BlackElo "2059"]
[PlyCount "63"]
[EventDate "2014.11.02"]
[EventType "team-tourn"]
[EventRounds "11"]
[EventCountry "CZE"]
[SourceTitle "EXT 2022"]
[Source "ChessBase"]
[SourceDate "2021.10.06"]
[SourceVersion "1"]
[SourceVersionDate "2021.10.06"]
[SourceQuality "1"]
[WhiteTeam "Litovel Tatran II"]
[BlackTeam "Dobra"]
[WhiteTeamCountry "CZE"]
[BlackTeamCountry "CZE"]

1. d4 Nf6 2. Bg5 d6 3. Nf3 Bg4 4. Nbd2 Nbd7 5. e4 e5 6. c3 Be7 7. h3 Bh5 8. Bd3 h6 9. Be3 c6 10. Qe2 Qc7 11. g4 Bg6 12. Nh4 Bh7 13. dxe5 dxe5 14. Nf5 Bxf5 15. gxf5 0-0-0 16. Bc4 Rdf8 17. Rg1 Rhg8 18. 0-0-0 Bc5 19. Bxc5 Nxc5 20. Rg3 Rd8 21. Bd3 Nxd3+ 22. Rxd3 Rxd3 23. Qxd3 Nh5 24. Nc4 f6 25. Qf3 Nf4 26. Kc2 Rd8 27. Rxd8+ Qxd8 28. a4 Kc7 29. b3 Qd7 30. Qe3 Kb8 31. Qf3 Kc7 32. Qe3 1/2-1/2

[Event "CZE-chT2F 1314"]
[Site "Czech Republic"]
[Date "2014.02.16"]
[Round "8.48"]
[White "Gerych, Jan"]
[Black "Novak, Jiri1111"]
[Result "0-1"]
[WhiteElo "2019"]
[BlackElo "1869"]
[PlyCount "106"]
[EventDate "2013.11.03"]
[EventType "team-tourn"]
[EventRounds "11"]
[EventCountry "CZE"]
[SourceTitle "EXT 2016"]
[Source "ChessBase"]
[SourceDate "2015.10.08"]
[SourceVersion "1"]
[SourceVersionDate "2015.10.08"]
[SourceQuality "1"]
[WhiteTeam "Olomouc Garde"]
[BlackTeam "Orlova Slavia II"]
[WhiteTeamCountry "CZE"]
[BlackTeamCountry "CZE"]

1. d4 d5 2. Nf3 c6 3. Bf4 Bf5 4. e3 Nf6 5. Bd3 Bg6 6. 0-0 e6 7. c4 dxc4 8. Bxc4 Nd5 9. Bxd5 exd5 10. Qb3 Qb6 11. Nbd2 Nd7 12. Ne5 Nxe5 13. Bxe5 f6 14. Bg3 Qxb3 15. Nxb3 b6 16. Rfc1 Kd7 17. a3 Bd6 18. Nd2 a5 19. Bxd6 Kxd6 20. Rc3 Rhc8 21. Rac1 Ra7 22. f3 Re7 23. Kf2 h6 24. Nb3 a4 25. Nd2 c5 26. f4 c4 27. g4 Be4 28. Nxe4+ Rxe4 29. Kf3 g5 30. f5 b5 31. h4 gxh4 32. Rh1 h5 33. Rxh4 hxg4+ 34. Rxg4 Rxg4 35. Kxg4 Rg8+ 36. Kf3 Rg5 37. Rc2 Rxf5+ 38. Kg4 Rf1 39. Rh2 Ke6 40. Kg3 Kf5 41. Kg2 Rc1 42. Kf3 c3 43. Rh5+ Kg6 44. Rh2 c2 45. Rf2 Kf7 46. Kf4 Ke6 47. Kf3 Kd6 48. Kf4 b4 49. axb4 Kc6 50. Kf5 Kb5 51. Kxf6 Kxb4 52. Ke5 Kb3 53. Kxd5 Re1 0-1

[Event "CZE-chT2F 1314"]
[Site "Czech Republic"]
[Date "2013.12.15"]
[Round "4.28"]
[White "Gerych, Jan"]
[Black "Zalesky, Karel"]
[Result "1/2-1/2"]
[WhiteElo "2019"]
[BlackElo "2043"]
[PlyCount "110"]
[EventDate "2013.11.03"]
[EventType "team-tourn"]
[EventRounds "11"]
[EventCountry "CZE"]
[SourceTitle "EXT 2016"]
[Source "ChessBase"]
[SourceDate "2015.10.08"]
[SourceVersion "1"]
[SourceVersionDate "2015.10.08"]
[SourceQuality "1"]
[WhiteTeam "Olomouc Garde"]
[BlackTeam "Opava KVS"]
[WhiteTeamCountry "CZE"]
[BlackTeamCountry "CZE"]

1. e4 c5 2. Nf3 e6 3. d4 cxd4 4. Nxd4 a6 5. Bd3 Nc6 6. Nb3 Nf6 7. 0-0 Nb4 8. c4 Nxd3 9. Qxd3 Qc7 10. Nc3 b6 11. Qe2 d6 12. Be3 Bb7 13. f3 Rc8 14. Rac1 Nd7 15. Qf2 Be7 16. Nd4 Ne5 17. Rfd1 Nxc4 18. Na4 Qd8 19. b3 Nxe3 20. Rxc8 Bxc8 21. Qxe3 Bd7 22. Qc3 b5 23. Nc6 Qc7 24. Qxg7 Rf8 25. Nxe7 bxa4 26. Ng8 axb3 27. axb3 Qc5+ 28. Kh1 Bb5 29. h3 h5 30. b4 Qe5 31. Nf6+ Ke7 32. Rc1 Rd8 33. Rc7+ Bd7 34. Ng8+ Ke8 35. Nf6+ Ke7 36. Ng8+ Ke8 37. Qxe5 dxe5 38. Nf6+ Ke7 39. Nxd7 Rxd7 40. Rxd7+ Kxd7 41. Kh2 Kc6 42. h4 Kd6 43. g4 Ke7 44. Kg3 Kf6 45. Kf2 hxg4 46. fxg4 Kg6 47. Ke3 Kh6 48. Kf3 Kg6 49. g5 Kh5 50. Kg3 Kg6 51. Kg4 Kg7 52. h5 Kh7 53. Kf3 Kg7 54. Ke3 f5 55. g6 f4+ 1/2-1/2

[Event "Nachod op"]
[Site "Nachod"]
[Date "2012.07.08"]
[Round "9"]
[White "Prochazka, Pavel"]
[Black "Gerych, Jan"]
[Result "1/2-1/2"]
[WhiteElo "1781"]
[BlackElo "2052"]
[PlyCount "29"]
[EventDate "2012.06.30"]
[EventType "swiss"]
[EventRounds "9"]
[EventCountry "CZE"]
[SourceTitle "CBM 149 Extra"]
[Source "ChessBase"]
[SourceDate "2012.08.24"]
[SourceVersion "1"]
[SourceVersionDate "2012.08.24"]
[SourceQuality "1"]

1. e4 d5 2. exd5 Qxd5 3. d4 e5 4. Be3 exd4 5. Qxd4 Qxd4 6. Bxd4 Bf5 7. c3 a6 8. Nd2 Nc6 9. Ngf3 f6 10. Be3 Bd6 11. Bc4 Nge7 12. 0-0 0-0-0 13. a4 Ne5 14. Nxe5 Bxe5 15. Nf3 1/2-1/2

[Event "Nachod op"]
[Site "Nachod"]
[Date "2012.07.06"]
[Round "7"]
[White "Mejzlik, Ondrej"]
[Black "Gerych, Jan"]
[Result "1-0"]
[WhiteElo "2245"]
[BlackElo "2052"]
[PlyCount "59"]
[EventDate "2012.06.30"]
[EventType "swiss"]
[EventRounds "9"]
[EventCountry "CZE"]
[SourceTitle "CBM 149 Extra"]
[Source "ChessBase"]
[SourceDate "2012.08.24"]
[SourceVersion "1"]
[SourceVersionDate "2012.08.24"]
[SourceQuality "1"]

1. c4 e5 2. Nc3 Nc6 3. g3 g6 4. Bg2 Bg7 5. e4 d6 6. d3 Nd4 7. Nge2 c5 8. Nxd4 cxd4 9. Nd5 Nf6 10. Bg5 h6 11. Bxf6 Bxf6 12. 0-0 Be6 13. Qa4+ Kf8 14. Nxf6 Qxf6 15. Qb4 Qe7 16. f4 g5 17. Rf2 f6 18. fxg5 hxg5 19. Rxf6+ Qxf6 20. Rf1 Qxf1+ 21. Bxf1 Ke7 22. Qxb7+ Bd7 23. c5 dxc5 24. Qd5 Rac8 25. Qxe5+ Be6 26. Qxg5+ Kd6 27. e5+ Kc6 28. Bg2+ Kb5 29. Qe7 Bxa2 30. Qb7+ 1-0

[Event "Nachod op"]
[Site "Nachod"]
[Date "2012.07.04"]
[Round "5"]
[White "Saucuk, Martin"]
[Black "Gerych, Jan"]
[Result "1/2-1/2"]
[WhiteElo "1939"]
[BlackElo "2052"]
[PlyCount "88"]
[EventDate "2012.06.30"]
[EventType "swiss"]
[EventRounds "9"]
[EventCountry "CZE"]
[SourceTitle "CBM 149 Extra"]
[Source "ChessBase"]
[SourceDate "2012.08.24"]
[SourceVersion "1"]
[SourceVersionDate "2012.08.24"]
[SourceQuality "1"]

1. e4 d5 2. exd5 Qxd5 3. Nc3 Qd6 4. Bc4 Nf6 5. d4 a6 6. Nf3 b5 7. Bd3 Bb7 8. Qe2 Nbd7 9. 0-0 e6 10. Re1 Be7 11. Ne4 Qb6 12. c3 c5 13. dxc5 Nxc5 14. Nxc5 Bxc5 15. Be3 Bxe3 16. Qxe3 Qxe3 17. Rxe3 Nd5 18. Ree1 Nf4 19. Bf1 Bxf3 20. gxf3 Ke7 21. a4 Rab8 22. axb5 axb5 23. Ra7+ Kf6 24. Ra5 b4 25. Re4 g5 26. Rxb4 Rxb4 27. cxb4 Rc8 28. Rc5 Rd8 29. Rc1 Rd2 30. Rb1 Ke5 31. b5 Kd6 32. b4 Rd4 33. Ra1 Rxb4 34. Ra7 h5 35. Rxf7 h4 36. Ra7 Rb1 37. Ra2 h3 38. Rc2 Kd5 39. Ra2 Kd4 40. Rc2 Ra1 41. Rc4+ Kd5 42. Rc2 Rb1 43. Ra2 Kc5 44. Rc2+ Kd4 1/2-1/2

[Event "Nachod op"]
[Site "Nachod"]
[Date "2012.07.03"]
[Round "4"]
[White "Gerych, Jan"]
[Black "Groh, Jiri"]
[Result "1/2-1/2"]
[WhiteElo "2052"]
[BlackElo "2054"]
[PlyCount "89"]
[EventDate "2012.06.30"]
[EventType "swiss"]
[EventRounds "9"]
[EventCountry "CZE"]
[SourceTitle "CBM 149 Extra"]
[Source "ChessBase"]
[SourceDate "2012.08.24"]
[SourceVersion "1"]
[SourceVersionDate "2012.08.24"]
[SourceQuality "1"]

1. d4 d5 2. Bf4 Nf6 3. e3 g6 4. h3 Bg7 5. Nd2 0-0 6. Bd3 Nbd7 7. Ngf3 Re8 8. Bh2 b6 9. Bb5 Bb7 10. Ne5 a6 11. Bd3 Ne4 12. Nxd7 Qxd7 13. 0-0 e5 14. Nf3 exd4 15. exd4 c5 16. c3 c4 17. Bc2 Re6 18. Ne5 Qe7 19. f3 Nd6 20. Bg3 Qg5 21. Kh2 Nf5 22. Bxf5 Qxf5 23. Qd2 h5 24. Bf4 h4 25. Ng4 Rae8 26. Rf2 Bc8 27. Bh6 Qh5 28. Bxg7 Kxg7 29. Qf4 g5 30. Qc7 Qg6 31. Ne5 Qf6 32. f4 R6e7 33. Qc6 Qxc6 34. Nxc6 Re6 35. Ne5 f6 36. Nf3 Re2 37. Raf1 gxf4 38. Nxh4 Rxf2 39. Rxf2 Re4 40. Nf3 b5 41. a3 Be6 42. Kg1 Re3 43. Nd2 Re1+ 44. Rf1 Re2 45. Rf2 1/2-1/2